| 000 | 00470cam a2200181ua 4500 | ||
|---|---|---|---|
| 001 | 2517 | ||
| 008 | 110912n ii |||gr||||Z||||||asm | ||
| 040 | _cMAIN | ||
| 082 | _a491.451 | ||
| 100 |
_aGoswami, Upendra Nath, _eAuthor. |
||
| 245 | 1 | 1 |
_aAsamiya bhasar rup kotha _cby Upendra Nath Goswami |
| 250 | _a2nd. | ||
| 260 |
_aGuahati: _bD. B. Prakashan,984. |
||
| 300 |
_a99p: _c23cm. |
||
| 653 | _aAssamese language | ||
| 653 | _aAsamiya bhasar rup kotha | ||
| 942 | _cBK | ||
| 999 |
_c2370 _d2370 |
||